000 00646nam a22002057a 4500
003 OSt
005 20251124102457.0
008 251124b |||||||| |||| 00| 0 eng d
020 _a 971-0489-90-9.
040 _aDWCL-Admin lib
_cOC
082 _aFil. 657.046 G934a 2011
100 _aParalta, Jose F.
245 _aAdvanced accounting : a procedural approach volume 2 /
_cJose F. Paralta
260 _aManila :
_bGIC Enterprises, & Co. , Inc. ,
_cc2011
300 _a ix, 516 p. :
_c23 cm.
650 _a1. Accounting
650 _a2. Accounting-Problems, exercises, etc.
700 _aGuerero, Pedro P.
942 _2ddc
_cBK - FIL
_kFil.
_n0
999 _c6056
_d6056